000 00352nam a2200145Ia 4500
008 150201s2007 xx 000 0 und d
082 _a613.13
_bI07H
100 _aHUSSEY, SUSAN M.
245 _aINTRODUCTION TO OCCUPATIONAL THERAPY
250 _a3RD
260 _bMOSBY
_aINDIA
_c2007
300 _a1-301
650 _aPHYSIOTHERAPY
942 _2ddc
_cBK
999 _c1326
_d1326